| 000 | 00588nam a2200205Ia 4500 | ||
|---|---|---|---|
| 005 | 20230213152402.0 | ||
| 008 | 131103s9999 xx 000 0 und d | ||
| 020 | _a333949118 | ||
| 040 | _aLoreto College | ||
| 041 | _aEnglish | ||
| 082 |
_a820.9 _bMOR |
||
| 100 | _aMorse, David, 1938- | ||
| 245 |
_aEgland's time of crisis _b from Shakespeare to Milton : cultural history _cDavid Morse |
||
| 260 |
_aLondon _bMacmillan Press _c1989 |
||
| 300 | _avii,391 p. | ||
| 504 | _aIncludes index | ||
| 650 | _aEnglish Literature - History and Criticism | ||
| 850 | _aLCLIB | ||
| 942 | _cBK | ||
| 999 |
_c6797 _d57276 |
||